| 000 | 00607nam a2200241Ia 4500 | ||
|---|---|---|---|
| 008 | 160517s9999 xx 000 0 und d | ||
| 020 | _a981-4119-83-0 | ||
| 050 | _aComSc QA 76.758 | ||
| 050 | _b.B45 2002 | ||
| 100 | _aBell, Douglas. | ||
| 245 | _aSoftware engineering : | ||
| 245 | _ba programming approach / | ||
| 245 | _cDouglas Bell. | ||
| 250 | _a3rd Edition | ||
| 260 | _aSingapore : | ||
| 260 | _bPearson Educ. Asia Pte. Ltd., | ||
| 260 | _c2002 | ||
| 300 | _a470 pages : | ||
| 300 | _bill. ; | ||
| 300 | _c24 cm. | ||
| 500 | _aIncludes index. | ||
| 650 | _aSoftware engineering, | ||
| 999 |
_c294201 _d294201 |
||